000 nam a22 7a 4500
999 _c7806
_d7806
008 171016b xxu||||| |||| 00| 0 eng d
100 _aNCERT
_94282
245 _aScience-VII
260 _aNew Delhi
_bNCERT
_c2013